| 000 | 01091nam a2200229Ia 4500 | ||
|---|---|---|---|
| 003 | Ost | ||
| 005 | 20260507074916.0 | ||
| 008 | 260507s9999||||xx |||||||||||||| ||und|| | ||
| 020 | _a4125189957 | ||
| 040 | _cfsecg | ||
| 041 | _aara | ||
| 082 | _a330 | ||
| 100 |
_aاللامي، غسان قاسم _eمؤلف |
||
| 245 | 0 |
_aإدارة التكنولوجيا : _bمفاهيم ومداخل- تقنيات -تطبيقات عملية / _c غسان قاسم اللامي |
|
| 260 |
_aعمان: _bدار المناهج, _c2007 |
||
| 300 |
_a322 صفحة؛ _bإيضاحات ؛ _c25 سم |
||
| 520 | _aالتكنولوجيا إطار مفاهيمي، ادارة التكنولوجيا، التغيير التكنولوجي، تكنولوجيا العمليات، أساليب وتقنيات الترتيب الداخلي للمصنع، تكنولوجيا المجاميع، تكنولوجيا الامنتاج الأمثل، تكنولوجيا الايصال الواسع | ||
| 653 | _aالتكنولوجيا | ||
| 653 | _aالرقابة | ||
| 653 | _aالمعلومات | ||
| 942 | _cكتاب | ||
| 999 |
_c41768 _d41768 |
||